Movies Quiz

Random Movies or Director Quiz

Tim Burton Venn Diagram Quiz Stats

 Plays Quiz not verified by Sporcle

Score 0/8 Timer 03:00
2 Plays Today
% Correct
Helena Bonham Carter
74.9%
Johnny Depp
74.7%
Freddie Highmore
72.5%
Marion Cotillard
64.6%
Missi Pyle
61.7%
Michael Keaton
53.5%
Emily Watson
49.7%
Albert Finney
42.7%

You're not logged in!

Compare scores with friends on all Sporcle quizzes.
OR
Log In

Sporcle TV

Today on Sporcle TV


Watch our educational content, quiz creation guides, and fun videos on Sporcle TV.

Show Comments

Extras

Top Quizzes Today


Score Distribution

Your Account Isn't Verified!

In order to create a playlist on Sporcle, you need to verify the email address you used during registration. Go to your Sporcle Settings to finish the process.

Report this User

Report this user for behavior that violates our Community Guidelines.

Details: